Movies Quiz

Random Movies or Role Quiz

10 to 1: Indiana Jones Quiz Stats

 Plays Quiz not verified by Sporcle

Score 0/55 Timer 10:00
34 Plays Today
% Correct
India
98.7%
Austria
98.7%
China
98.7%
Egypt
98.6%
Peru
98.2%
Germany
98.1%
Brazil
98.1%
Italy
98.1%
Nepal
98.1%
Turkey
98%
Ark of the Covenant
94.7%
Henry Jones Sr
94.5%
Crystal Skull of Akator
94.1%
Bullwhip
93.6%
Chilled Monkey Brains
93.5%
Horse
93.5%
Tank
93.4%
Harrison Ford
93.4%
Eyeball Soup
93.3%
Motorcycle
93%
Holy Grail
92.9%
Cross of Coronado
92.9%
Leather Jacket
92.6%
Crispy Beetles
92.4%
Revolver
92.3%
Ophidiophobia
91.9%
Staff of Ra Headpiece
91.9%
Nazi
91.6%
% Correct
Fedora
91.3%
Elephant
91.2%
Chachapoyan Fertility Idol
91.2%
Shield of Sir Richard
91%
Minecart
90.9%
Satchel
90.8%
Snake Surprise
90.5%
Sankara Stones
89.4%
Elsa Schneider
88.9%
Zeppelin
88.8%
Marion Ravenwood
88.3%
Soviet
88.3%
Marcus Brody
88.2%
René Belloq
84.7%
River Phoenix
83.5%
Irina Spalko
82%
Arnold Toht
81.8%
Harold Oxley
80.8%
Walter Donovan
80.6%
Willie Scott
79.5%
Lao Che
76.6%
Short Round
73.5%
Mutt Williams
73.4%
Jock Lindsey
70.6%
Thugee
66.3%
Mola Ram
65.7%
Sallah
53.4%

You're not logged in!

Compare scores with friends on all Sporcle quizzes.
OR
Log In

You Might Also Like...

Show Comments

Extras

Top Quizzes Today


Score Distribution

Your Account Isn't Verified!

In order to create a playlist on Sporcle, you need to verify the email address you used during registration. Go to your Sporcle Settings to finish the process.

Report this User

Report this user for behavior that violates our Community Guidelines.

Details: